000 00879nab a2200253 u 4500
001 14687
003 HDC
007 cr bn ---aaaaa
008 210215c20140626my dr|nes 0 a may d
040 _aHDC
100 _aFaizatul Farlin Farush Khan
_eauthor
_98222
245 0 _aMinuman kesihatan tanpa gula / oleh
_cFaizatul Farlin Farush Khan
260 _aKuala Lumpur :
_bThe New Straits Times Press (M) Bhd.,
_c2014
336 _atext
_2rdacontent
337 _acomputer
_2rdamedia
338 _aonline resource
_2rdacarrier
650 _ahealth drinks
_zMalaysia
_915142
650 _ahealth products
_96116
710 _aHarian Metro
856 _zRequest full-text at [email protected]
942 _2lcc
942 _cNEWS
942 _kNWSC 005603
999 _c12003
_d12003